The numerical solution of integral equations of the second kind / (Record no. 7480)

MARC details
000 -LEADER
fixed length control field 01195pam a2200289 a 4500
001 - CONTROL NUMBER
control field 2581672
003 - CONTROL NUMBER IDENTIFIER
control field OSt
005 - DATE AND TIME OF LATEST TRANSACTION
control field 20211115122639.0
008 - FIXED-LENGTH DATA ELEMENTS--GENERAL INFORMATION
fixed length control field 960919s1997 enka b 001 0 eng
010 ## - LIBRARY OF CONGRESS CONTROL NUMBER
LC control number 96045961
020 ## - INTERNATIONAL STANDARD BOOK NUMBER
International Standard Book Number 0521583918 (hardback)
040 ## - CATALOGING SOURCE
Original cataloging agency DLC
Transcribing agency DLC
Modifying agency DLC
050 00 - LIBRARY OF CONGRESS CALL NUMBER
Classification number QA431
Item number .A837 1997
082 00 - DEWEY DECIMAL CLASSIFICATION NUMBER
Classification number 551.46ATK 1997
100 1# - MAIN ENTRY--PERSONAL NAME
Personal name Atkinson, Kendall E.
9 (RLIN) 15329
245 14 - TITLE STATEMENT
Title The numerical solution of integral equations of the second kind /
Statement of responsibility, etc. Kendall E. Atkinson.
260 ## - PUBLICATION, DISTRIBUTION, ETC. (IMPRINT)
Place of publication, distribution, etc. Cambridge ;
-- New York :
Name of publisher, distributor, etc. Cambridge University Press,
Date of publication, distribution, etc. 1997.
300 ## - PHYSICAL DESCRIPTION
Extent xvi, 552 p. :
Other physical details ill. ;
Dimensions 24 cm.
440 #0 - SERIES STATEMENT/ADDED ENTRY--TITLE
Title Cambridge monographs on applied and computational mathematics ;
Volume/sequential designation 4
9 (RLIN) 15330
504 ## - BIBLIOGRAPHY, ETC. NOTE
Bibliography, etc Includes bibliographical references (p. 519-546) and index.
650 #0 - SUBJECT ADDED ENTRY--TOPICAL TERM
Topical term or geographic name as entry element Integral equations
General subdivision Numerical solutions.
9 (RLIN) 15331
856 42 - ELECTRONIC LOCATION AND ACCESS
Materials specified Publisher description
Uniform Resource Identifier http://www.loc.gov/catdir/description/cam028/96045961.html
856 41 - ELECTRONIC LOCATION AND ACCESS
Materials specified Table of contents
Uniform Resource Identifier http://www.loc.gov/catdir/toc/cam024/96045961.html
906 ## - LOCAL DATA ELEMENT F, LDF (RLIN)
a 7
b cbc
c orignew
d 1
e ocip
f 19
g y-gencatlg
942 ## - ADDED ENTRY ELEMENTS (KOHA)
Source of classification or shelving scheme Library of Congress Classification
Koha item type Open Shelf
Holdings
Withdrawn status Lost status Source of classification or shelving scheme Damaged status Not for loan Home library Current library Date acquired Source of acquisition Inventory number Total Checkouts Full call number Barcode Date last seen Date last checked out Price effective from Koha item type
    Dewey Decimal Classification     MUST Main Library MUST Main Library 15/11/2021 Purchase 04/20845 1 551.46ATK 1997 2021-1687 14/07/2022 14/07/2022 15/11/2021 Open Shelf
    Dewey Decimal Classification     MUST Main Library MUST Main Library 15/11/2021 Purchase 04/20846 1 551.46ATK 1997 2021-1689 14/07/2022 14/07/2022 15/11/2021 Open Shelf